Adsorption of inorganics at solid-liquid interfaces /

Bibliographic Details
Other Authors: Anderson, Marc A., Rubin, Alan J.
Format: Book
Language:English
Published: Ann Arbor, Mich. : Ann Arbor Science, [1981]
Subjects:

MARC

Tag First Indicator Second Indicator Subfields
LEADER 00000cam a2200000 a 4500
001 in00000090531
005 20151008063740.0
008 811010s1981 miua b 00100 eng
010 |a  77085090  
020 |a 0250402262 
035 |a (OCoLC)07708752 
035 |9 AAK2857AM 
039 0 |a 2  |b 3  |c 3  |d 3  |e 3 
040 |a DLC  |c DLC  |d TXA  |d UtOrBLW 
049 |a TXAM  |c [1361647] 
050 0 0 |a QD506  |b .A324 
082 0 |a 541.3/453  |2 19 
245 0 0 |a Adsorption of inorganics at solid-liquid interfaces /  |c edited by Marc A. Anderson, Alan J. Rubin. 
264 1 |a Ann Arbor, Mich. :  |b Ann Arbor Science,  |c [1981] 
264 4 |c ©1981 
300 |a ix, 357 pages :  |b illustrations ;  |c 24 cm. 
336 |a text  |b txt  |2 rdacontent 
337 |a unmediated  |b n  |2 rdamedia 
338 |a volume  |b nc  |2 rdacarrier 
504 |a Includes bibliographical references and indexes. 
650 0 |a Surface chemistry. 
650 0 |a Adsorption. 
650 0 |a Solution (Chemistry) 
700 1 |a Anderson, Marc A. 
700 1 |a Rubin, Alan J. 
999 |a MARS 
999 f f |s 65dcaeba-35de-3e8f-b726-98f5c5294358  |i 533d572b-68c2-396c-84b9-a764876fc399  |t 0 
952 f f |p ric  |a Texas A&M University  |b Rellis Campus  |c Joint Library Facility  |s JLF  |d Remote Storage  |t 0  |e QD506 .A324  |h Library of Congress classification  |i unmediated -- volume  |m A14806212725 
998 f f |a QD506 .A324  |t 0  |l Remote Storage